| 000 | 00355nam a22001097a 4500 | ||
|---|---|---|---|
| 082 |
_a297.64 _bKHA _cL-31,-P-158 |
||
| 245 | _aخلفاے راشدین کی جنگی حکمتِ عملی اور تدبیرات کا تجزیہ | ||
| 260 |
_aIslamabad: _bArmy education Press. |
||
| 300 | _a311p' | ||
| 526 |
_a0 _b0 _c0 _d297_640000000000000_KHA |
||
| 942 |
_2ddc _cBK |
||
| 999 |
_c550481 _d550481 |
||